LEADER 01477nam a2200313 u 4500 001 000000050281 003 CaOOAMICUS 005 20070226115214.0 008 000728s1961 it ac u000 u ita u 035 $a10853180 040 $aPUL(R)$bita 100 1 $aDi Stasi, Pasquale,$csac.$0(OLS)http://pul/name/36248 245 10$aMagnanimi vescovi della diocesi di Lavello e di altre cittą contermini (1283-1700) :$bPapa Innocenzo XII /$cPasquale Di Stasi. 246 30$aPapa Innocenzo XII 260 $aLavello :$bTip. F. Finiguerra,$c1961. 300 $axvi, 206 p. :$bill., ritr. ;$c23 cm 500 $aComprende indici. 600 04$aInnocentius PP.$bXII,$d1615-1700.$0(OLS)http://pul/subject/8005 610 14$aLavello (diocesi).$0(OLS)http://pul/subject/21174 850 $aPUL 852 $aPUL$W1$xDP1 Fondo Maccarrone$y58$m1517 F 46$j66682$nBK-PRI$b $qFondi$B66682$CPULBib$Z2$F66682 $H $81 941 1 $a1 960 $aPapi (1691-1700 : Innocentius PP. XII)$98005 960 $aPapi (1691-1700 : Innocentius PP. XII)$98005 960 $aInnocenzo$bXII,$cpapa,$d1615-1700$98005 960 $aPignatelli, Antonio,$d1615-1700$98005 996 $6245$aMagnanimi vescovi della diocesi di Lavello e di altre cittą contermini (1283-1700) :$bPapa Innocenzo XII$9(OLS)http://pul/title/67689 996 $6246$aPapa Innocenzo XII$9(OLS)http://pul/title/67690 996 $6260$aLavello :$bTip. F. Finiguerra$9(OLS)http://pul/publisher/67643 LEADER 01274nam a2200313 a 4500 001 000000170293 003 CaOOAMICUS 005 20181105164733.0 008 181105s2018 it u000 u ita r 020 $z978-88-581-3105-3* 032 $aLibriCat 040 $aPUL$bita 082 04$a230 245 03$aIl cristianesimo al tempo di papa Francesco / $ca cura di Andrea Riccardi . 260 $aBari ; Roma :$bGius. Laterza & figli,$c©2018. 300 $aXI, 375 p. ; $c21 cm. 490 1 $aAnticorpi ;$v59 504 $aBibliografia in nota. 600 04$aFranciscus PP.,$d1936-2025$xInsegnamenti.$0(OLS)http://pul/subject/39921 700 1 $aRiccardi, Andrea,$d1950-$0(OLS)http://pul/name/1865 830 0$aAnticorpi ;$v59.$0(OLS)http://pul/title/163912 850 $aPUL 852 $aPUL$W1$xSL Religione 3$y85$m230 RICAN 1$j193202$qDDC 21$B198564$CPULBib$Z2$F198564 $H131530 $81 941 1 $a9 996 $6020$z978-88-581-3105-3*$9(OLS)http://pul/number/165165 996 $6082$a230$9(OLS)http://pul/classification/368 996 $6245$aIl cristianesimo al tempo di papa Francesco / $9(OLS)http://pul/title/211028 996 $6260$aBari ; Roma :$bGius. Laterza & figli$9(OLS)http://pul/publisher/81307